MARC details
| 000 -CABECERA |
| campo de control de longitud fija |
01032nam a2200253 a 4500 |
| 001 - NÚMERO DE CONTROL |
| campo de control |
000017915 |
| 003 - IDENTIFICADOR DEL NÚMERO DE CONTROL |
| campo de control |
DO-SdBNP |
| 005 - FECHA Y HORA DE LA ÚLTIMA TRANSACCIÓN |
| campo de control |
20250318152142.0 |
| 008 - DATOS DE LONGITUD FIJA--INFORMACIÓN GENERAL |
| campo de control de longitud fija |
100407s1992 dr abc 000 0bspa d |
| 040 ## - FUENTE DE LA CATALOGACIÓN |
| Centro catalogador/agencia de origen |
DO-SdBNP |
| Lengua de catalogación |
spa |
| Centro/agencia transcriptor |
BNPHU |
| 082 ## - NÚMERO DE LA CLASIFICACIÓN DECIMAL DEWEY |
| Número de clasificación |
923.946 |
| Número de documento/Ítem |
C719S |
| 100 1# - ENTRADA PRINCIPAL--NOMBRE DE PERSONA |
| Nombre de persona |
Silie Gatón, Domingo |
| 9 (RLIN) |
17549 |
| 245 10 - MENCIÓN DE TÍTULO |
| Título |
Soliloquios de Colón / |
| Mención de responsabilidad, etc. |
Domingo Silie Gatón ; prólogo Fernando A. Silie Gatón. |
| 260 ## - PUBLICACIÓN, DISTRIBUCIÓN, ETC. |
| Lugar de publicación, distribución, etc. |
Santo Domingo : |
| Nombre del editor, distribuidor, etc. |
Arte y Cine, |
| Fecha de publicación, distribución, etc. |
1992. |
| 300 ## - DESCRIPCIÓN FÍSICA |
| Extensión |
109 p. : |
| Otras características físicas |
il., mapas, retrs. ; |
| Dimensiones |
28 cm. |
| 500 ## - NOTA GENERAL |
| Nota general |
Incluye datos biográficos del autor en la contraportada. |
| 500 ## - NOTA GENERAL |
| Nota general |
Incluye síntesis cronológica de la vida de Colón. |
| 600 14 - PUNTO DE ACCESO ADICIONAL DE MATERIA--NOMBRE DE PERSONA |
| Nombre de persona |
COLÓN, CRISTÓBAL |
| Fechas asociadas al nombre |
1451-1506 |
| Subdivisión de forma |
CORRESPONDENCIAS, MEMORIAS, ETC. |
| 9 (RLIN) |
38864 |
| 600 14 - PUNTO DE ACCESO ADICIONAL DE MATERIA--NOMBRE DE PERSONA |
| Nombre de persona |
COLÓN, CRISTÓBAL |
| Fechas asociadas al nombre |
1451-1506 |
| Subdivisión general |
VIAJES |
| 9 (RLIN) |
18590 |
| 651 #4 - PUNTO DE ACCESO ADICIONAL DE MATERIA--NOMBRE GEOGRÁFICO |
| Nombre geográfico |
América -- |
| Subdivisión general |
Descubrimiento y exploración -- |
| -- |
Españoles |
| 9 (RLIN) |
544 |
| Subdivisión de forma |
Ensayo, conferencias, etc. |
| 700 1# - PUNTO DE ACCESO ADICIONAL--NOMBRE DE PERSONA |
| Nombre de persona |
Silie Gatón, Fernando A., |
| Término indicativo de función/relación |
pról. |
| 9 (RLIN) |
38865 |
| 910 ## - DATOS DE OPCIÓN DEL USUARIO (OCLC) |
| Datos de opción del usuario |
Validado. Control de calidad EMS |
| 942 ## - ELEMENTOS DE PUNTO DE ACCESO ADICIONAL (KOHA) |
| Fuente del sistema de clasificación o colocación |
Dewey Decimal Classification |
| Tipo de ítem Koha |
Libro |